5HLuxD.jpg

KING HENRY VIII SENIOR AND PRIMARY SCHOOL LIBRARY OPAC

The Emerald City of Oz (Record no. 3901)

000 -LEADER
fixed length control field 00791nam a22002297a 4500
005 - DATE AND TIME OF LATEST TRANSACTION
control field 20241119094030.0
008 - FIXED-LENGTH DATA ELEMENTS--GENERAL INFORMATION
fixed length control field 241119b ||||| |||| 00| 0 eng d
020 ## - INTERNATIONAL STANDARD BOOK NUMBER
International Standard Book Number 9781782263104
040 ## - CATALOGING SOURCE
Transcribing agency KH8
082 ## - DEWEY DECIMAL CLASSIFICATION NUMBER
Classification number 813 BAU
100 ## - MAIN ENTRY--PERSONAL NAME
Personal name Baum, L. Frank
Relator term Author.
245 ## - TITLE STATEMENT
Title The Emerald City of Oz
Statement of responsibility, etc. L. Frank Baum
250 ## - EDITION STATEMENT
Edition statement 2016 edition
260 ## - PUBLICATION, DISTRIBUTION, ETC.
Place of publication, distribution, etc. Leicester,
Name of publisher, distributor, etc. Sweet Cherry Publishing Limited,
Date of publication, distribution, etc. 2016
300 ## - PHYSICAL DESCRIPTION
Extent 1 volume
440 ## - SERIES STATEMENT/ADDED ENTRY--TITLE
Title The Wizard of Oz collection
520 ## - SUMMARY, ETC.
Summary, etc. Journey through the magical world of Oz with Dorothy and friends. Part of a 15 book collection by L. Frank Baum, these beloved children's classics are timeless and loved by all
650 ## - SUBJECT ADDED ENTRY--TOPICAL TERM
Topical term or geographic name entry element Children's stories
650 ## - SUBJECT ADDED ENTRY--TOPICAL TERM
Topical term or geographic name entry element Fantasy fiction
650 ## - SUBJECT ADDED ENTRY--TOPICAL TERM
Topical term or geographic name entry element Gale, Dorothy
942 ## - ADDED ENTRY ELEMENTS (KOHA)
Source of classification or shelving scheme
Koha item type Books - Fiction
Holdings
Withdrawn status Lost status Source of classification or shelving scheme Damaged status Not for loan Collection code Permanent Location Current Location Shelving location Date acquired Total Checkouts Full call number Barcode Date last seen Date last checked out Price effective from Koha item type
          Fiction KH8 Primary School Library KH8 Primary School Library Fiction 2024-11-19 2 813 BAU KHPL000004604 2025-12-05 2025-03-24 2024-11-19 Books - Fiction

Powered By KH8 IT Dept